Cervantes y Lepanto / recopilación de textos por José Manuel y Alberto Blecua
Descripción Física:
32 p. : il. ; 27 cm
MARC
| LEADER | 00000nam a2200000Ia 4500 | ||
|---|---|---|---|
| 001 | 2163 | ||
| 008 | 160829s1971 xx 000 0 cat d | ||
| 080 | |a FU-14-25 | ||
| 245 | |a Cervantes y Lepanto / recopilación de textos por José Manuel y Alberto Blecua | ||
| 260 | |a Barcelona : |b Diputación de Barcelona. Museo Marítimo, |c 1971 | ||
| 300 | |a 32 p. : |b il. ; |c 27 cm | ||
| 590 | |a A la contracoberta: IV Centenario de la Batalla de Lepanto. | ||
| 650 | |a Cervantes Saavedra, Miguel de |x Biografia |x Fonts |9 32908 | ||
| 650 | 0 | |a Lepant, Batalla de, 1571 |x En la literatura |9 32909 | |
| 700 | |a Blecua, José Manuel |9 32910 | ||
| 700 | |a Blecua, Alberto |9 32911 | ||
| 700 | |a Museu Marítim (Barcelona) | ||
| 901 | |a Arxiu | ||
| 942 | |n 1 | ||
| 952 | |0 0 |1 0 |4 0 |6 FU1425 |7 1 |9 46142 |a Arxiu |b Arxiu |d 2016-12-01 |l 0 |o FU-14-25 |p 2163 |r 2016-12-01 00:00:00 |w 2016-12-01 |y ARXIU | ||
| 999 | |c 49644 |d 49644 | ||